000 00836nam a22002777a 4500
999 _c7066
_d7066
001 7066
003 BD-JhCC
005 20180204173610.0
008 690714s1969 maua 001 0 eng
035 _a(BD-JhCC)7066
040 _aDLC
_cDLC
_dDLC
_dBD-JhCC
041 _aeng
050 0 0 _aPE1417
_b.H35 1969
082 0 0 _a808.04/275
_bHAY 1969
100 1 _aHayford, Harrison,
245 1 0 _aReader and writer /
_c[edited by] Harrison Hayford [and] Howard P. Vincent.
250 _a3d ed.
260 _aBoston:
_bHoughton Mifflin,
_c1969.
300 _axiii, 562 p.
_billus.
_c24 cm.
650 0 _aCollege readers.
650 0 _aEducation
650 0 _aReport writing
_xProblems, exercises, etc.
650 0 _aEnglish language
_xRhetoric.
700 1 _aVincent, Howard P.
_q(Howard Paton),
_d1904-1985,
942 _2ddc
_cBK